000 01221cam a2200217 4500
001 L130150
008 050628n2004 000 0 eng u
035 _a(Sirsi) u130150
041 0 _aeng
050 0 4 _a658.404 $2 18
100 1 _aBennett, Tim
245 0 0 _aKnowledge management
_ba business briefing from the RICS Construction Faculty
_bis your company's future founded on the right information?
260 _aLondon
_bRICS
_c2004
300 _a8p.
_c30cm.
490 0 _aRICS Construction Faculty Business Briefing
520 _aOutlines the benefits of knowledge management (KM) for property and construction firms and seeks to help form an appropriate KM strategy for their business. Strategic KM is seen as one of the tools that can be used to help a company adapt to change. Looks at meeting the KM challenge, considers the benefits of KM and lists the five stages of implementation. Gives advice on where to start. Figures display the knowledge hierarchy and KM's effects and benefits.
651 4 _aUnited Kingdom
_y
690 _aMANAGEMENT-BUSINESS MANAGEMENT-INFORMATION MANAGEMENT-KNOWLEDGE MANAGEMENT
710 2 _aRoyal Institution of Chartered Surveyors
_bConstruction Faculty
_94214
942 _n0
999 _c104370
_d104370